Score 0/20 Timer 03:00
5 Plays Today
% Correct
Gilmore Girls:
A Year in the Life
84.7%
The Crown
84%
Marvel's
Jessica
Jones
77.1%
Chelsea Does
76%
Wet Hot American Summer
74.4%
Chef's Table: France
73.8%
Trailer Park Boys
Out of the Park: Europe
70.3%
The Ranch
66.7%
All Hail
King Julien
65.1%
Santa
Clarita
Diet
62.8%
% Correct
Russell Peters
vs.
the World
62.5%
Trollhunters
61.7%
Midnight Diner:
Tokyo Stories
61.2%
The
Get Down
58.9%
Last Chance U
55.7%
F Is for Family
53.9%
Sense8
53.1%
Marco Polo
50.2%
Flaked
50.2%
Fearless
43.6%

You're not logged in!

Compare scores with friends on all Sporcle quizzes.
OR
Log In

Sporcle TV

Today on Sporcle TV


Watch our educational content, quiz creation guides, and fun videos on Sporcle TV.

Show Comments

Extras

Top Quizzes Today


Score Distribution

Paid Content

Your Account Isn't Verified!

In order to create a playlist on Sporcle, you need to verify the email address you used during registration. Go to your Sporcle Settings to finish the process.

Report this User

Report this user for behavior that violates our Community Guidelines.

Details: